Retórica de la religión: estudios de logología

-д хадгалсан:
Номзүйн дэлгэрэнгүй
Үндсэн зохиолч: Burke, Kenneth (Зохиогч)
Формат: Ном
Хэл сонгох:испани
Хэвлэсэн: Ciudad de México Fondo de Cultura Económica 1975
Цуврал:Brevarios del Fondo de Cultura Económica, 241
Нөхцлүүд:
Шошгууд: Шошго нэмэх
Шошго байхгүй, Энэхүү баримтыг шошголох эхний хүн болох!

MARC

LEADER 00000nam a2200000 a 4500
001 UCX3081
003 CL-VaPUC
008 910925e19750000MX |||||||||||||||||spa|d
082 0 4 |a 200  |b BUR  |2 21 
100 0 |a Burke, Kenneth  |e author  |9 319192 
245 1 0 |a Retórica de la religión: estudios de logología 
300 |a 476 p 
942 |c BK 
945 |d 19910925 00:00:00 
260 |a Ciudad de México  |b Fondo de Cultura Económica  |c 1975 
650 7 |a RELIGION Y LENGUAJE  |2 CL-VaPUC  |9 319193 
650 0 |a Teología dogmática   |9 313198 
650 0 |a Retórica   |9 266620 
650 7 |a LOGOLOGIA  |2 CL-VaPUC  |9 319194 
583 |a last modification  |c 19910925 00:00:00  |k Rodrigo Vera 
490 0 |a Brevarios del Fondo de Cultura Económica, 241 
999 |c 223940  |d 223938 
952 |0 0  |1 2  |4 0  |6 200_000000000000000_BUR_1975  |7 0  |8 A  |9 220213  |a BIBTEO  |b BIBTEO  |d 2019-11-15  |i 2889153  |o 200 BUR 1975  |p 2889153  |r 2019-11-15  |w 2019-11-15  |x Descarte 2019  |y BK  |k ICR 
952 |0 0  |1 0  |4 0  |6 200_000000000000000_BUR_1975  |7 0  |8 A  |9 220214  |a BIBTEO  |b BIBTEO  |d 2019-11-15  |i 2020076  |o 200 BUR 1975  |p 2020076  |r 2025-01-17  |w 2019-11-15  |y BK  |k ICR